000
00303nam a22001217a 4500
008
160429b xxu||||| |||| 00| 0 eng d
020
_a
9780130304575
020
_a
0130304573
041
_a
eng
080
_a
618.2
245
_a
Medical surgical nursing:
_c
Mary Ann Hogan; Tomas Madayag;
942
_2
udc
_c
BK
999
_c
1669
_d
1669